[Event "XIII American Continental"]
[Site "Montevideo URU"]
[Date "2018.06.08"]
[Round "9"]
[White "Mafra, Kaiser Luiz"]
[Black "Chang, Suzana"]
[Result "1/2-1/2"]
[WhiteElo "2116"]
[BlackElo "1994"]
[EventDate "2018.06.01"]
[PlyCount "133"]

1.b3 e5 2.Bb2 Nc6 3.e4 Nf6 4.Nc3 Bc5 5.Be2 d6 6.Nf3 O-O 7.O-O a6 8.d3 h6 
9.Na4 Ba7 10.c4 b5 11.cxb5 axb5 12.Nc3 b4 13.Na4 Bd7 14.a3 Re8 15.axb4 
Nxb4 16.Qd2 c5 17.Bc3 Rb8 18.Nb2 Nc6 19.Nc4 Be6 20.Ra6 Bb6 21.Rfa1 Bc8 22.
R6a3 Bc7 23.Ne3 Be6 24.Qb2 Nd4 25.Bxd4 cxd4 26.Nf1 d5 27.N1d2 Bd6 28.Ra6 
Bc8 29.R6a2 Bb4 30.Qc2 Bc3 31.Rd1 Bb7 32.b4 Bxb4 33.Rb1 Bc3 34.Ra7 Bc6 35.
Bf1 Ra8 36.Rxa8 Qxa8 37.exd5 Bxd5 38.Rb5 Nd7 39.Ne4 Bc6 40.Nxc3 dxc3 41.
Rb4 Bxf3 42.gxf3 Nf6 43.Ra4 Qxf3 44.Bg2 Qh5 45.Rc4 Qg5 46.Qxc3 Nd5 47.Qc2 
Nf4 48.f3 Rd8 49.Rc8 Rxc8 50.Qxc8+ Kh7 51.Qg4 f5 52.Qxg5 hxg5 53.Bf1 Kg6 
54.Kf2 Kf6 55.Ke3 Ne6 56.Bh3 Nd4 57.Bf1 Ke6 58.Bh3 Kd6 59.Bg2 Kc5 60.Bh3 
Kb4 61.Bxf5 Nxf5+ 62.Ke4 Nd4 63.Kxe5 Nxf3+ 64.Kf5 Kc5 65.Kg4 Ne5+ 66.Kxg5 
Kd5 67.Kf5 1/2-1/2

[Event "XIII American Continental"]
[Site "Montevideo URU"]
[Date "2018.06.08"]
[Round "9"]
[White "Benoit, Rodrigo"]
[Black "Ledezma Panades, Hernan Javier"]
[Result "1-0"]
[WhiteElo "2238"]
[BlackElo "1887"]
[EventDate "2018.06.01"]
[PlyCount "91"]

1.e4 e5 2.Bc4 Nf6 3.d3 Nc6 4.Nf3 Be7 5.O-O O-O 6.h3 d6 7.a3 Na5 8.Ba2 c5 
9.b4 cxb4 10.axb4 Nc6 11.b5 Nb8 12.Be3 b6 13.c4 Bb7 14.Nc3 Nbd7 15.Bb3 Nc5
16.Ra2 Nfd7 17.Nd5 f5 18.exf5 Rxf5 19.Bc2 Rf8 20.d4 Ne6 21.Be4 Kh8 22.Nxe5
Bxd5 23.Bxd5 dxe5 24.Bxe6 exd4 25.Qxd4 Nf6 26.Qxd8 Rfxd8 27.Rfa1 Rd6 28.
Bf5 g6 29.Bc2 Kg7 30.Rxa7 Rxa7 31.Rxa7 Kf7 32.Rb7 Nd7 33.g3 h5 34.Kg2 Kf6 
35.h4 Kf7 36.Rc7 Bd8 37.Rc8 Nc5 38.Bf4 Rd4 39.Be5 Rd2 40.Bc7 Rxc2 41.Bxd8 
Nd7 42.Rc6 Rc3 43.Bxb6 Nxb6 44.Rxb6 Rxc4 45.Rc6 Rb4 46.b6 1-0

[Event "XIII American Continental"]
[Site "Montevideo URU"]
[Date "2018.06.08"]
[Round "9"]
[White "Dominguez Barreto, Facundo"]
[Black "Moccero, Eduardo"]
[Result "1/2-1/2"]
[WhiteElo "2141"]
[BlackElo "1970"]
[EventDate "2018.06.01"]
[PlyCount "75"]

1.e4 d5 2.exd5 Qxd5 3.Nc3 Qa5 4.d4 Nf6 5.Nf3 Bf5 6.Bc4 e6 7.O-O c6 8.Bd2 
Nbd7 9.d5 cxd5 10.Nxd5 Qc5 11.Nxf6+ gxf6 12.Qe2 Qc7 13.Nd4 Qe5 14.Nxf5 
Qxf5 15.Bb5 Rd8 16.Ba5 b6 17.Rfd1 bxa5 18.Rxd7 Rxd7 19.Rd1 Bc5 20.Bxd7+ 
Kf8 21.Bc6 Rg8 22.Bf3 Rg5 23.Rd7 Kg7 24.h4 Rg6 25.h5 Rg5 26.h6+ Kxh6 27.
Rxf7 Rg7 28.Qd2+ Kg6 29.Rxg7+ Kxg7 30.Kf1 Bb6 31.Qe2 Bc5 32.Bg4 Qf4 33.g3 
Qg5 34.Qxe6 Qc1+ 35.Kg2 Qxc2 36.Qd7+ Kh6 37.Bf5 Qxf5 38.Qxf5 1/2-1/2

[Event "XIII American Continental"]
[Site "Montevideo URU"]
[Date "2018.06.08"]
[Round "9"]
[White "Ruggiero, Alvaro"]
[Black "Guerrero, Alvaro"]
[Result "0-1"]
[WhiteElo "1894"]
[BlackElo "2116"]
[EventDate "2018.06.01"]
[PlyCount "122"]

1.e4 c6 2.d4 d5 3.exd5 cxd5 4.Bd3 g6 5.Nf3 Nf6 6.O-O Nc6 7.c3 Bg4 8.h3 Bf5
9.Qc2 e6 10.Re1 Bxd3 11.Qxd3 Bg7 12.Bf4 O-O 13.Nbd2 Re8 14.Ne5 Rc8 15.Ndf3
Ne4 16.Nxc6 bxc6 17.Nd2 Nd6 18.Bxd6 Qxd6 19.Nb3 Rb8 20.Re2 Rb6 21.Rc1 Qb8 
22.Rcc2 Rd8 23.Nc5 a5 24.Na4 Rb5 25.b3 Bf8 26.Qd2 Bd6 27.Qe1 Kg7 28.Qd2 
Bf4 29.Qd3 Qc7 30.Nc5 Bd6 31.Na4 Qb7 32.g3 Be7 33.Qe3 Rc8 34.h4 h5 35.Qe5+
Bf6 36.Qf4 Qe7 37.Qe3 Qc7 38.Kg2 Be7 39.Qe5+ Qxe5 40.Rxe5 Bd6 41.Ree2 c5 
42.c4 dxc4 43.Rxc4 Kf6 44.Rec2 Be7 45.dxc5 Rc6 46.f3 Kg7 47.Kh3 Bf8 48.g4 
hxg4+ 49.Kxg4 e5 50.Kh3 f5 51.Rd2 Rb7 52.Rd3 Rbc7 53.Rdc3 Be7 54.a3 Rc8 
55.b4 axb4 56.axb4 Rh8 57.b5 Rcc8 58.Re3 e4 59.fxe4 Rxh4+ 60.Kg2 Rch8 61.
Kf1 Bg5 0-1

[Event "XIII American Continental"]
[Site "Montevideo URU"]
[Date "2018.06.08"]
[Round "9"]
[White "Santos Filho, Tadeu Sousa"]
[Black "Suarez, Pedro"]
[Result "1/2-1/2"]
[WhiteElo "2096"]
[BlackElo "1924"]
[EventDate "2018.06.01"]
[PlyCount "118"]

1.e4 d6 2.d4 Nf6 3.Nc3 Nbd7 4.Nge2 e5 5.g3 Be7 6.Bg2 O-O 7.O-O c6 8.a4 a6 
9.h3 b6 10.Be3 Bb7 11.g4 Qc7 12.Ng3 Rfd8 13.f4 b5 14.g5 Ne8 15.Qf3 exd4 
16.Bxd4 b4 17.Nd1 c5 18.Be3 Nb6 19.Qe2 d5 20.Qg4 dxe4 21.Bxe4 Bxe4 22.Nxe4
Nc4 23.Bc1 Qc6 24.Ndf2 Ned6 25.Ng3 Qd7 26.b3 Qxg4 27.Nxg4 Nb6 28.Bb2 c4 
29.Rad1 c3 30.Bc1 Nb7 31.Kf2 Bc5+ 32.Kf3 Rd5 33.Rxd5 Nxd5 34.Rd1 Rd8 35.
Ne5 f6 36.Nd3 Bb6 37.gxf6 gxf6 38.Nf5 Kf7 39.Ng3 Na5 40.Ne1 Nc6 41.Ne2 
Nce7 42.Ng2 Nf5 43.Ng3 Nd4+ 44.Ke4 f5+ 45.Kd3 Nc6 46.Ke2 Nd4+ 47.Rxd4 Bxd4
48.Nxf5 Bc5 49.Kf3 Kf6 50.Ng3 Ke7 51.f5 Rg8 52.h4 Bd6 53.Bg5+ Kf7 54.Ne4 
Be5 55.Ne1 Bf6 56.Nd3 a5 57.Ndc5 Be7 58.Nd3 Bf6 59.Ndc5 Be7 1/2-1/2

[Event "XIII American Continental"]
[Site "Montevideo URU"]
[Date "2018.06.08"]
[Round "9"]
[White "Ramos, Angelo Bil"]
[Black "Medrano, Mario"]
[Result "0-1"]
[WhiteElo "1926"]
[BlackElo "2073"]
[EventDate "2018.06.01"]
[PlyCount "60"]

1.e4 c5 2.Nf3 d6 3.d4 cxd4 4.Nxd4 Nf6 5.Nc3 a6 6.Be2 g6 7.O-O Bg7 8.Be3 
O-O 9.h3 Bd7 10.Qd2 Nc6 11.f4 Qc7 12.Nf3 Rac8 13.Bd3 b5 14.Qf2 e6 15.g4 
Nb4 16.g5 Nxd3 17.cxd3 Nh5 18.Rac1 Qb7 19.Nh4 b4 20.Ne2 Bb5 21.Rcd1 Rc2 
22.f5 exf5 23.exf5 Re8 24.f6 Bf8 25.Rd2 Rxd2 26.Bxd2 Bxd3 27.Re1 Bxe2 28.
Rxe2 Ng3 29.Qxg3 Rxe2 30.Nf3 Qe4 0-1

[Event "XIII American Continental"]
[Site "Montevideo URU"]
[Date "2018.06.08"]
[Round "9"]
[White "Bustelo, Tabare"]
[Black "Palma Neira, Eliseo Maximiliano"]
[Result "1/2-1/2"]
[WhiteElo "2050"]
[BlackElo "1956"]
[EventDate "2018.06.01"]
[PlyCount "57"]

1.e4 e5 2.f4 exf4 3.Nf3 Be7 4.Bc4 Bh4+ 5.Kf1 d6 6.d4 Be7 7.Bxf4 Nf6 8.Qd3 
d5 9.exd5 Nxd5 10.Bxd5 Qxd5 11.Nc3 Qd8 12.Re1 c6 13.Ne4 O-O 14.Neg5 g6 15.
h4 Bd6 16.Bxd6 Qxd6 17.h5 Bf5 18.Qb3 Nd7 19.Nxh7 Kxh7 20.hxg6+ Kg7 21.gxf7
Rxf7 22.Kg1 Nf6 23.Re5 Bg6 24.Rg5 Re8 25.Rxg6+ Kxg6 26.Nh4+ Kg5 27.Nf3+ 
Kg6 28.Nh4+ Kg5 29.Nf3+ 1/2-1/2

[Event "XIII American Continental"]
[Site "Montevideo URU"]
[Date "2018.06.08"]
[Round "9"]
[White "Caceres Vasquez, Sergio"]
[Black "Moyses Sobrinho, Elias"]
[Result "1-0"]
[WhiteElo "2041"]
[BlackElo "1920"]
[EventDate "2018.06.01"]
[PlyCount "117"]

1.d4 Nf6 2.c4 e6 3.Nc3 d5 4.cxd5 exd5 5.Bg5 Be7 6.e3 h6 7.Bh4 Bf5 8.Bxf6 
Bxf6 9.Qb3 c6 10.Qxb7 O-O 11.Nf3 Qb6 12.Qxb6 axb6 13.Be2 Nd7 14.O-O b5 15.
Rfc1 Nb6 16.Nd1 Bd7 17.Ne1 Ra7 18.Nd3 Rfa8 19.Nb4 Nc4 20.b3 Na5 21.Rab1 
Be7 22.Nd3 f6 23.Nc3 Ba3 24.Rc2 Bf5 25.Rd1 Bd7 26.h4 Nb7 27.g3 Nd6 28.Nb1 
Ne4 29.Nxa3 Rxa3 30.Nb4 g5 31.hxg5 hxg5 32.Kg2 Rc8 33.Bd3 Kg7 34.Rdc1 Rb8 
35.Rb2 Rc8 36.Bb1 Nd6 37.Rbc2 Bf5 38.Rxc6 Rxc6 39.Rxc6 Bxb1 40.Rxd6 g4 41.
Rb6 Be4+ 42.Kf1 Ra8 43.Ke2 Rh8 44.Rxb5 Bf3+ 45.Kd2 Rh2 46.Nd3 Be4 47.a4 
Bxd3 48.Kxd3 Rxf2 49.a5 Kf7 50.a6 Ra2 51.Rb7+ Ke6 52.a7 Kd6 53.e4 dxe4+ 
54.Kxe4 Ke6 55.d5+ Kd6 56.Kf5 Kxd5 57.Kxg4 Kc6 58.Rf7 Kb6 59.Kf5 1-0

[Event "XIII American Continental"]
[Site "Montevideo URU"]
[Date "2018.06.08"]
[Round "9"]
[White "Bon, Charles"]
[Black "Soto, Nicolas"]
[Result "0-1"]
[WhiteElo "1591"]
[BlackElo "2011"]
[EventDate "2018.06.01"]
[PlyCount "88"]

1.d4 d5 2.c4 c6 3.Nf3 Nf6 4.Nc3 dxc4 5.a4 Bf5 6.e3 e6 7.Bxc4 Bb4 8.O-O 
Nbd7 9.Bd2 O-O 10.Ne2 Bxd2 11.Qxd2 e5 12.dxe5 Nxe5 13.Qxd8 Nxf3+ 14.gxf3 
Raxd8 15.Rad1 Bc2 16.Rxd8 Rxd8 17.Nc3 Bf5 18.Rd1 Rxd1+ 19.Nxd1 Bh3 20.Bf1 
Be6 21.Nc3 a5 22.Bd3 Kf8 23.Kf1 Ke7 24.Ke1 Kd6 25.Kd2 Kc5 26.Bc2 Kb4 27.
Kc1 h6 28.Kd2 Nd7 29.Ne4 Nb6 30.Nd6 Nc4+ 31.Nxc4 Bxc4 32.h4 g5 33.hxg5 
hxg5 34.f4 gxf4 35.exf4 Bb3 36.f5 Bxc2 37.Kxc2 Kc4 38.b3+ Kd4 39.Kd2 b5 
40.f6 b4 41.Kc2 c5 42.Kd2 c4 43.bxc4 Kxc4 44.Kc2 b3+ 0-1

[Event "XIII American Continental"]
[Site "Montevideo URU"]
[Date "2018.06.08"]
[Round "9"]
[White "Reolon, Victor"]
[Black "Da Silva Junior, Sediney Mari"]
[Result "0-1"]
[WhiteElo "1678"]
[BlackElo "1990"]
[EventDate "2018.06.01"]
[PlyCount "58"]

1.c4 f5 2.Nf3 Nf6 3.d4 d6 4.Nc3 c6 5.h3 Qc7 6.Bf4 Qb6 7.Rb1 g6 8.e3 Bg7 9.
Bd3 O-O 10.O-O Nh5 11.Bg5 Qc7 12.Qb3 Kh8 13.c5 dxc5 14.dxc5 e5 15.Nd2 h6 
16.Bh4 Nd7 17.Be7 Re8 18.Bd6 Qd8 19.Qf7 Nxc5 20.Bxc5 Be6 21.Qxg6 Qxd3 22.
Rfd1 Nf6 23.Nde4 fxe4 24.Rxd3 exd3 25.Qxd3 b6 26.Ba3 e4 27.Qc2 Nd5 28.Qxe4
Nxc3 29.bxc3 Bxa2 0-1

[Event "XIII American Continental"]
[Site "Montevideo URU"]
[Date "2018.06.08"]
[Round "9"]
[White "Granara Barreto, Sebastian"]
[Black "Marques, Ubiratan De Azevedo"]
[Result "1-0"]
[WhiteElo "2141"]
[BlackElo "1777"]
[EventDate "2018.06.01"]
[PlyCount "45"]

1.c4 c6 2.g3 d5 3.Bg2 dxc4 4.Na3 Qd4 5.Nf3 Qc5 6.O-O Nf6 7.Qc2 Bf5 8.d3 b5
9.Nh4 Bd7 10.dxc4 b4 11.Be3 Qh5 12.Nb5 g5 13.Bf3 Ng4 14.Nc7+ Kd8 15.Nxa8 
gxh4 16.Bxg4 Qxg4 17.Bxa7 f5 18.Bxb8 Rg8 19.Rad1 f4 20.Qe4 hxg3 21.fxg3 
Ke8 22.Rxf4 Qh3 23.Nc7+ 1-0

[Event "XIII American Continental"]
[Site "Montevideo URU"]
[Date "2018.06.08"]
[Round "9"]
[White "Avgoustopoulos, Christian"]
[Black "Belistri, Ubaldo"]
[Result "1/2-1/2"]
[WhiteElo "2110"]
[BlackElo "1867"]
[EventDate "2018.06.01"]
[PlyCount "120"]

1.e4 e6 2.d4 d5 3.e5 c5 4.c3 Nc6 5.Nf3 Nge7 6.a3 cxd4 7.cxd4 Nf5 8.b4 Qb6 
9.Bb2 Be7 10.Bd3 O-O 11.Bxf5 exf5 12.O-O Be6 13.Nc3 Rfc8 14.Qd2 Qd8 15.
Rac1 g5 16.Qd3 Qd7 17.Rfd1 Rd8 18.Nxg5 Kh8 19.Nh3 Rg8 20.Ne2 Rg4 21.Nef4 
Rag8 22.Rc3 Bd8 23.Qe2 Ne7 24.Rg3 Ng6 25.Bc1 Bh4 26.Nxe6 Qxe6 27.Rxg4 fxg4
28.Nf4 Nxf4 29.Bxf4 Qf5 30.g3 Be7 31.Qd3 Qxd3 32.Rxd3 Rc8 33.Kg2 Kg7 34.h3
h5 35.hxg4 hxg4 36.Kf1 Kg6 37.Ke2 Kf5 38.f3 b5 39.Bd2 gxf3+ 40.Kxf3 Rc4 
41.g4+ Kg6 42.Be3 a6 43.Ke2 Bd8 44.Kd2 Be7 45.Rc3 Rxc3 46.Kxc3 Bf8 47.Kd3 
Be7 48.Ke2 Bf8 49.Kf3 Be7 50.Kg3 Bf8 51.Kh3 Be7 52.Bf2 Bd8 53.Bh4 Bb6 54.
Bf2 Bd8 55.Kg3 Bg5 56.Kf3 Bc1 57.Be3 Bxa3 58.Bd2 Bb2 59.Ke3 Kg5 60.Kf3+ 
Kg6 1/2-1/2

[Event "XIII American Continental"]
[Site "Montevideo URU"]
[Date "2018.06.08"]
[Round "9"]
[White "Marrero, Javier"]
[Black "Pomar, Marcelo Nascimento"]
[Result "0-1"]
[WhiteElo "1849"]
[BlackElo "2037"]
[EventDate "2018.06.01"]
[PlyCount "54"]

1.d4 Nf6 2.c4 e6 3.Nc3 Bb4 4.e3 O-O 5.Ne2 c6 6.a3 Ba5 7.b4 Bc7 8.Ng3 a5 9.
b5 d5 10.Qb3 Nbd7 11.f4 c5 12.cxd5 cxd4 13.exd4 a4 14.Qc2 Nxd5 15.Nxd5 
exd5 16.Bd3 Re8+ 17.Kf2 Qf6 18.Ne2 Bb6 19.Bb2 Ne5 20.h3 Nxd3+ 21.Qxd3 Bf5 
22.Qd2 Bd7 23.Rab1 Bxb5 24.Rhe1 Re4 25.g3 Rae8 26.Nc3 Qxd4+ 27.Qxd4 Bxd4+ 
0-1

[Event "XIII American Continental"]
[Site "Montevideo URU"]
[Date "2018.06.08"]
[Round "9"]
[White "Nascimento, Pedro Henrique Alves"]
[Black "Malan, Lucia"]
[Result "1-0"]
[WhiteElo "1979"]
[BlackElo "1733"]
[EventDate "2018.06.01"]
[PlyCount "73"]

1.d4 Nf6 2.c4 g6 3.Nc3 Bg7 4.e4 d6 5.Be2 O-O 6.Nf3 e5 7.d5 a5 8.Bg5 h6 9.
Bh4 Na6 10.Nd2 Bd7 11.O-O Qe8 12.b3 Nh7 13.f3 f5 14.Rb1 Kh8 15.a3 Nc5 16.
Bf2 b6 17.Qc1 Nf6 18.b4 Nb7 19.c5 axb4 20.axb4 bxc5 21.bxc5 Nxc5 22.Bxc5 
dxc5 23.Nb5 Bxb5 24.Bxb5 Qe7 25.Qc4 fxe4 26.Nxe4 Nxe4 27.Qxe4 Qg5 28.Qc2 
Qe3+ 29.Kh1 Qg5 30.Bd3 Ra5 31.Be4 Ra6 32.Qxc5 Ra2 33.Rg1 Qd8 34.Rb7 Rf7 
35.Qc4 Rd2 36.d6 Rd7 37.dxc7 1-0

[Event "XIII American Continental"]
[Site "Montevideo URU"]
[Date "2018.06.08"]
[Round "9"]
[White "Rodriguez Farias, Eduardo"]
[Black "Palacio, Enzo"]
[Result "0-1"]
[WhiteElo "1943"]
[BlackElo "1633"]
[EventDate "2018.06.01"]
[PlyCount "96"]

1.e4 c5 2.Nf3 g6 3.c3 d5 4.exd5 Qxd5 5.d4 Bg7 6.dxc5 Qxc5 7.Be3 Qc7 8.Be2 
Nf6 9.Na3 O-O 10.Nb5 Qc6 11.O-O Nd5 12.Bxa7 Bg4 13.Nfd4 Bxd4 14.Bxd4 Bxe2 
15.Qxe2 Nf4 16.Qf3 Qxf3 17.gxf3 Nc6 18.Be3 Nd3 19.b3 f5 20.a4 f4 21.Bb6 
Rf5 22.Rfd1 Nde5 23.Nc7 Rc8 24.b4 Nxf3+ 25.Kg2 Nce5 26.Nd5 Kf7 27.Bc5 Rg5+
28.Kf1 Nxh2+ 29.Ke2 f3+ 30.Kd2 Nd7 31.Nb6 Nxc5 32.Nxc8 Nb3+ 33.Ke3 Nxa1 
34.Rxa1 Rf5 35.Kd3 Ng4 36.Rf1 h5 37.c4 h4 38.c5 h3 39.c6 bxc6 40.a5 h2 41.
a6 h1=Q 42.Rxh1 Nxf2+ 43.Kd4 Nxh1 44.a7 f2 45.a8=Q f1=Q 46.Qb7 Rd5+ 47.Kc3
Qc1+ 48.Kb3 Rd3+ 0-1

[Event "XIII American Continental"]
[Site "Montevideo URU"]
[Date "2018.06.08"]
[Round "9"]
[White "Oviedo, Mathias"]
[Black "Chaves, Jorge Antonio Torres"]
[Result "0-1"]
[WhiteElo "1611"]
[BlackElo "1936"]
[EventDate "2018.06.01"]
[PlyCount "64"]

1.e4 e5 2.Nf3 Nc6 3.Bc4 Nf6 4.d3 Bc5 5.c3 d6 6.Bb3 O-O 7.Nbd2 a6 8.h3 Ba7 
9.O-O Qe7 10.Re1 h6 11.Nf1 Be6 12.Be3 Bd7 13.Qd2 Kh7 14.Ng3 Bxe3 15.Qxe3 
g6 16.d4 Na5 17.Bc2 Nc4 18.Qe2 Nxb2 19.Bb3 Na4 20.dxe5 dxe5 21.h4 Nc5 22.
h5 Bg4 23.hxg6+ fxg6 24.Bc2 Ne6 25.Qe3 Bxf3 26.Qxf3 Nh5 27.Nf5 Qg5 28.Rad1
Rad8 29.Rxd8 Nxd8 30.Rd1 gxf5 31.exf5 Nf6 32.Qe2 Nc6 0-1

[Event "XIII American Continental"]
[Site "Montevideo URU"]
[Date "2018.06.08"]
[Round "9"]
[White "Pena Canapa, Alfredo"]
[Black "Gomes, Marco Tulio Caldeira"]
[Result "1-0"]
[WhiteElo "1925"]
[BlackElo "1692"]
[EventDate "2018.06.01"]
[PlyCount "133"]

1.d4 Nf6 2.c4 e6 3.g3 d5 4.Nf3 Be7 5.Bg2 O-O 6.O-O dxc4 7.Qc2 a6 8.Qxc4 b5
9.Qc2 Bb7 10.Bd2 Be4 11.Qc1 Nbd7 12.Ba5 Bd6 13.Nbd2 Bb7 14.Qc2 Rc8 15.e4 
e5 16.d5 Qe7 17.Nh4 g6 18.Qd3 c6 19.dxc6 Bxc6 20.Nb3 Bb4 21.Bxb4 Qxb4 22.
Rfe1 Rfd8 23.Qe3 Kg7 24.Rac1 Ng4 25.Qe2 Ngf6 26.Qe3 h6 27.f3 Rc7 28.a3 Qe7
29.Na5 Rdc8 30.b4 Ba8 31.Rxc7 Rxc7 32.Rc1 Qd6 33.Rxc7 Qxc7 34.Bf1 Nb6 35.
Ng2 Ne8 36.Ne1 Nd6 37.Qc5 Ne8 38.Nd3 Nd7 39.Qe7 Nef6 40.Bh3 Qc3 41.Qd6 
Qd4+ 42.Qxd4 exd4 43.Nb3 Nb6 44.Nxd4 Nc4 45.Nc2 g5 46.Nc5 g4 47.Bxg4 Nxg4 
48.fxg4 Kf6 49.Kf2 Ke5 50.Nxa6 Bxe4 51.Ne3 Nxa3 52.h4 f6 53.Ke2 Nb1 54.Nc5
Bg6 55.h5 Bh7 56.Nd7+ Kd4 57.Nxf6 Bd3+ 58.Kf2 Nc3 59.Ng8 Ne4+ 60.Kf3 Nc3 
61.Nxh6 Na2 62.Nhf5+ Ke5 63.h6 Be4+ 64.Kf2 Nxb4 65.h7 Nd3+ 66.Ke2 Nc1+ 67.
Kd2 1-0

[Event "XIII American Continental"]
[Site "Montevideo URU"]
[Date "2018.06.08"]
[Round "9"]
[White "Cardozo, Camila"]
[Black "Busca, Joaquin"]
[Result "1-0"]
[WhiteElo "1586"]
[BlackElo "1889"]
[EventDate "2018.06.01"]
[PlyCount "119"]

1.d4 Nf6 2.Nf3 g6 3.c4 Bg7 4.Nc3 d5 5.cxd5 Nxd5 6.e4 Nxc3 7.bxc3 c5 8.Be3 
O-O 9.Qd2 Bg4 10.Be2 cxd4 11.cxd4 Nc6 12.Rd1 Rc8 13.h3 Bxf3 14.Bxf3 Qa5 
15.O-O Rfd8 16.Qxa5 Nxa5 17.d5 b6 18.Bg5 f6 19.Bd2 Nc4 20.Bb4 Nd6 21.Bg4 
Rc4 22.Be6+ Kh8 23.Bxd6 exd6 24.f3 Bh6 25.Rd3 b5 26.Ra3 Rb8 27.Kh1 Be3 28.
Rxe3 a5 29.Rb1 Rb7 30.Reb3 b4 31.Rd3 a4 32.Rdd1 Rc2 33.Rd4 b3 34.axb3 axb3
35.Rdd1 b2 36.Kh2 g5 37.Bf5 Kg7 38.e5 Re2 39.e6 Re5 40.g4 Re2+ 41.Kg3 h5 
42.h4 hxg4 43.Bxg4 Re5 44.hxg5 Rxg5 45.Kf2 f5 46.Bh3 Kf6 47.Bg2 f4 48.Rd2 
Ke7 49.Bf1 Rb4 50.Rbxb2 Rxd5 51.Bh3 Rxb2 52.Rxb2 Rh5 53.Kg2 Rg5+ 54.Bg4 d5
55.Rb7+ Ke8 56.Kf2 Re5 57.Rh7 d4 58.Bh5+ Kf8 59.Rf7+ Kg8 60.e7 1-0

[Event "XIII American Continental"]
[Site "Montevideo URU"]
[Date "2018.06.08"]
[Round "9"]
[White "Davila Texeira, Mario"]
[Black "Maestro, Esteban"]
[Result "1-0"]
[WhiteElo "1873"]
[BlackElo "1444"]
[EventDate "2018.06.01"]
[PlyCount "115"]

1.d4 Nf6 2.Bf4 d5 3.e3 e6 4.c4 c5 5.Nf3 Nc6 6.Nc3 a6 7.a3 cxd4 8.exd4 Bd6 
9.Bg5 O-O 10.c5 Bc7 11.Be2 b6 12.cxb6 Bxb6 13.O-O Re8 14.Rc1 Ne7 15.Bd3 
Ng6 16.Bb1 h6 17.Be3 Qd6 18.Bxg6 fxg6 19.Ne5 g5 20.Na4 Bc7 21.f4 gxf4 22.
Bxf4 Qe7 23.Qd3 Bxe5 24.Bxe5 Rf8 25.Rc7 Qd8 26.Qg6 Bd7 27.Nc5 Qe8 28.Qxe8 
Bxe8 29.Nxe6 Rf7 30.Rxf7 Bxf7 31.Nxg7 Kxg7 32.Rxf6 Kf8 33.Rxh6 Ke7 34.Rh8 
Rxh8 35.Bxh8 Ke6 36.g4 Be8 37.Kf2 Kf7 38.Kf3 Kg6 39.Kf4 Kh7 40.Be5 Kg6 41.
h3 Bb5 42.Bd6 Bc4 43.h4 Be2 44.b4 Kf6 45.h5 Ke6 46.Be5 Bd3 47.g5 Be2 48.h6
Bd3 49.Ke3 Bg6 50.a4 Kf5 51.Bf6 Ke6 52.b5 axb5 53.axb5 Kd6 54.Be5+ Kd7 55.
Kf4 Bh7 56.b6 Kc6 57.Bc7 Bg6 58.Ke5 1-0

[Event "XIII American Continental"]
[Site "Montevideo URU"]
[Date "2018.06.08"]
[Round "9"]
[White "Solari, Pablo"]
[Black "Cortes Arias, Mariela"]
[Result "0-1"]
[WhiteElo "1678"]
[BlackElo "1830"]
[EventDate "2018.06.01"]
[PlyCount "64"]

1.Nf3 c5 2.b3 Nf6 3.Bb2 g6 4.g3 Bg7 5.Bg2 Nc6 6.O-O O-O 7.c4 d5 8.cxd5 
Qxd5 9.Nc3 Qh5 10.Rc1 Bh3 11.Qc2 Nd4 12.Qd3 Ng4 13.Nh4 Bxg2 14.Kxg2 g5 15.
h3 Ne5 16.Qe4 gxh4 17.g4 Qg6 18.Qxb7 Qc6+ 19.Qxc6 Nexc6 20.Rfe1 Rac8 21.
Na4 Ne6 22.Bxg7 Kxg7 23.e3 Nb4 24.Rc4 Nxa2 25.Ra1 Nb4 26.d4 Rfd8 27.f4 
cxd4 28.Rxb4 dxe3 29.Kf3 Nd4+ 30.Rxd4 Rxd4 31.Kxe3 Rb4 32.Rd1 Rxb3+ 0-1

[Event "XIII American Continental"]
[Site "Montevideo URU"]
[Date "2018.06.08"]
[Round "9"]
[White "Ramirez, Agustin"]
[Black "Ortiz, Jorge"]
[Result "0-1"]
[WhiteElo "1675"]
[BlackElo "1784"]
[EventDate "2018.06.01"]
[PlyCount "72"]

1.d4 Nf6 2.Nf3 g6 3.g3 Bg7 4.Bg2 O-O 5.c4 c5 6.O-O cxd4 7.Nxd4 Nc6 8.Nxc6 
dxc6 9.Qxd8 Rxd8 10.Nc3 Be6 11.c5 Rd7 12.Bf4 Nh5 13.Be3 Rad8 14.a3 Bd4 15.
Bxd4 Rxd4 16.Rad1 Bb3 17.Rc1 Nf6 18.e3 Rd2 19.Rb1 Kg7 20.f3 Nd5 21.Nxd5 
R8xd5 22.f4 Rxc5 23.Rf2 Rcc2 24.Rxd2 Rxd2 25.Bf3 f5 26.h4 Kf6 27.Kf1 Bc2 
28.Ke1 Bxb1 29.Kxd2 e5 30.Kc3 Be4 31.Bxe4 fxe4 32.a4 Kf5 33.Kc4 exf4 34.
gxf4 Kg4 35.Kd4 Kf3 36.b4 h5 0-1

[Event "XIII American Continental"]
[Site "Montevideo URU"]
[Date "2018.06.08"]
[Round "9"]
[White "Lanaro, Emilio"]
[Black "Aprahamian, Tomas"]
[Result "1-0"]
[WhiteElo "1760"]
[BlackElo "1399"]
[EventDate "2018.06.01"]
[PlyCount "119"]

1.d4 e6 2.Bf4 Nf6 3.e3 Be7 4.Nf3 O-O 5.Bd3 d5 6.c4 c5 7.O-O Nc6 8.Ne5 cxd4
9.Nxc6 bxc6 10.exd4 Bd6 11.Bxd6 Qxd6 12.cxd5 cxd5 13.b3 Bd7 14.Nd2 Rfc8 
15.Rc1 Rxc1 16.Qxc1 Rc8 17.Qb2 Qf4 18.b4 Ng4 19.Nf3 Qd6 20.h3 Nf6 21.b5 
Rb8 22.Rc1 Qb6 23.a4 a6 24.Ne5 Be8 25.Qb4 axb5 26.axb5 g6 27.Qc5 Ne4 28.
Qxb6 Rxb6 29.Bxe4 dxe4 30.Rc8 Rxb5 31.Rxe8+ Kg7 32.Re7 Rd5 33.Rxf7+ Kg8 
34.Rd7 Rxd7 35.Nxd7 Kf7 36.Kf1 Ke7 37.Ne5 Kd6 38.Ke2 Kd5 39.Ke3 Kd6 40.
Kxe4 Ke7 41.f4 Kf6 42.g4 h6 43.Nf3 Kf7 44.Ke5 Ke7 45.Nh4 Kf7 46.Nxg6 Kxg6 
47.Kxe6 h5 48.d5 hxg4 49.hxg4 Kg7 50.Ke7 Kg6 51.d6 Kh6 52.d7 Kg6 53.d8=Q 
Kg7 54.Qf8+ Kh7 55.Qf5+ Kh6 56.Qh5+ Kg7 57.g5 Kg8 58.f5 Kg7 59.f6+ Kg8 60.
Qg6+ 1-0

[Event "XIII American Continental"]
[Site "Montevideo URU"]
[Date "2018.06.08"]
[Round "9"]
[White "Podesta, Sofia"]
[Black "Areco, Antonio"]
[Result "1/2-1/2"]
[WhiteElo "1195"]
[BlackElo "1746"]
[EventDate "2018.06.01"]
[PlyCount "70"]

1.Nf3 g6 2.d4 Bg7 3.e3 d6 4.Be2 Nf6 5.c4 O-O 6.O-O c5 7.dxc5 dxc5 8.Nc3 b6
9.Re1 e6 10.Qc2 a6 11.b3 Bb7 12.Bb2 Qc7 13.Rad1 Nc6 14.a3 Rad8 15.Bf1 Ne7 
16.Ne2 Ng4 17.Ng3 Rxd1 18.Rxd1 Rd8 19.Rxd8+ Qxd8 20.Bxg7 Kxg7 21.Qc3+ Nf6 
22.Ne5 h5 23.Be2 Qd6 24.h3 Nf5 25.Nxf5+ exf5 26.Nd3 Kg8 27.Nf4 Ne4 28.Qd3 
Qf6 29.a4 Qa1+ 30.Qd1 Qf6 31.Nd5 Bxd5 32.cxd5 Nc3 33.Qd2 Ne4 34.Qd1 Nc3 
35.Qd2 Ne4 1/2-1/2

[Event "XIII American Continental"]
[Site "Montevideo URU"]
[Date "2018.06.08"]
[Round "9"]
[White "Ferrari, Carlos"]
[Black "Do Prado, Hamilton Mesquita"]
[Result "0-1"]
[WhiteElo "1703"]
[BlackElo "1681"]
[EventDate "2018.06.01"]
[PlyCount "78"]

1.e4 d6 2.f4 Nd7 3.Nf3 c6 4.d4 Qc7 5.g3 e5 6.c3 Ngf6 7.Qe2 Be7 8.Bg2 O-O 
9.O-O a5 10.Kh1 b6 11.Rg1 Ba6 12.Qe1 Rfe8 13.h3 Rac8 14.Be3 Bd3 15.Nbd2 
Nxe4 16.Nxe4 Bxe4 17.Qf2 c5 18.Raf1 exf4 19.Bxf4 Nf6 20.Kh2 Bf8 21.Bg5 Nh5
22.Nh4 d5 23.Bxe4 Rxe4 24.Qf3 g6 25.Ng2 Bd6 26.Bf4 Nxf4 27.gxf4 Rce8 28.
Kh1 f5 29.h4 R8e7 30.h5 Rg7 31.h6 Rge7 32.Nh4 Kh8 33.Ng2 Qb8 34.Rf2 Qf8 
35.Qh3 cxd4 36.cxd4 Rxd4 37.Qc3 Bc5 38.Rd2 Re4 39.Rxd4 Qxh6+ 0-1

[Event "XIII American Continental"]
[Site "Montevideo URU"]
[Date "2018.06.08"]
[Round "9"]
[White "Barandiaran, Gabriel"]
[Black "Araujo, Daniel"]
[Result "1-0"]
[WhiteElo "1882"]
[BlackElo "1529"]
[EventDate "2018.06.01"]
[PlyCount "107"]

1.e4 e5 2.Bc4 Nc6 3.d3 Nf6 4.c3 Na5 5.Nd2 Nxc4 6.Nxc4 d6 7.Nf3 b5 8.Ne3 
Be7 9.a4 bxa4 10.Qxa4+ Bd7 11.Qc2 O-O 12.O-O Re8 13.Nc4 Bb5 14.b3 Nd7 15.
Ne3 Nc5 16.Rd1 Ne6 17.Nd5 Bd7 18.Be3 c6 19.Nxe7+ Qxe7 20.Rxa7 Rxa7 21.Bxa7
c5 22.Bb6 Ra8 23.d4 Ra6 24.dxc5 dxc5 25.Nxe5 Nf8 26.Nc4 Bb5 27.Bd8 Qe6 28.
Ne3 f6 29.Nd5 Qg4 30.f3 Qg5 31.Bc7 Ne6 32.Bg3 c4 33.Qe2 Ra3 34.bxc4 Ba4 
35.Rb1 Bb3 36.Qb2 Ra2 37.Qxb3 Qd2 38.Ne3 Qxe3+ 39.Kh1 Qe2 40.Rg1 Rb2 41.
Qa4 Rd2 42.Qe8+ Nf8 43.c5 Rd1 44.h3 Rxg1+ 45.Kxg1 Qe3+ 46.Bf2 Qxc3 47.c6 
Qa1+ 48.Kh2 Qa4 49.Bc5 h6 50.Qxf8+ Kh7 51.c7 Qa1 52.Qd6 Qa8 53.Qd5 Qc8 54.
Qf5+ 1-0

[Event "XIII American Continental"]
[Site "Montevideo URU"]
[Date "2018.06.08"]
[Round "9"]
[White "Stetsenko, Ilya"]
[Black "Campora, Edgardo"]
[Result "0-1"]
[WhiteElo "1461"]
[BlackElo "1772"]
[EventDate "2018.06.01"]
[PlyCount "104"]

1.d4 Nf6 2.Nf3 g6 3.Bf4 Bg7 4.e3 d5 5.Bd3 c5 6.c3 O-O 7.h3 Nc6 8.O-O Nd7 
9.Nbd2 e5 10.dxe5 Ndxe5 11.Bc2 b6 12.Ba4 Bb7 13.Qe2 Qc8 14.Bb3 Ba6 15.c4 
Nxc4 16.Nxc4 dxc4 17.Bxc4 Bxc4 18.Qxc4 Bxb2 19.Rad1 Na5 20.Qc2 Bf6 21.Ne5 
Rd8 22.Rxd8+ Qxd8 23.Rd1 Qe8 24.Ng4 Bg7 25.Nh6+ Bxh6 26.Bxh6 Rd8 27.Rxd8 
Qxd8 28.Qb2 Qd1+ 29.Kh2 Qd6+ 30.Kg1 f6 31.a4 Kf7 32.Qa2+ Qe6 33.Qe2 Qc6 
34.Qa2+ c4 35.Qa3 Qc5 36.Qxc5 bxc5 37.Kf1 c3 38.Ke2 Nc4 39.Kd3 Nb2+ 40.
Kxc3 Nxa4+ 41.Kc4 a6 42.e4 Ke7 43.f4 Kd6 44.Bf8+ Kc6 45.g4 Nb6+ 46.Kb3 Nd7
47.Bg7 Kb5 48.e5 c4+ 49.Kc3 fxe5 50.fxe5 Nc5 51.Bf8 a5 52.Kd4 Ne6+ 0-1